[Event "Daventry Robinson Cup U14"]
[Site "Daventry"]
[Date "2016.07.19"]
[Round "5.3"]
[White "Connolly Sams, Lukah"]
[Black "Binet, Joseph"]
[Result "1-0"]
[WhiteElo "1498"]
[BlackElo "1741"]
[PlyCount "41"]
[EventDate "2016.07.18"]
[EventType "team-schev"]
[EventRounds "5"]
[EventCountry "ENG"]
[SourceTitle "EXT 2020"]
[Source "ChessBase"]
[SourceDate "2019.10.17"]
[SourceVersion "1"]
[SourceVersionDate "2019.10.17"]
[SourceQuality "1"]
[WhiteTeam "Scotland"]
[BlackTeam "France"]
[WhiteTeamCountry "SCO"]
[BlackTeamCountry "FRA"]

1. d4 d5 2. Bf4 Nf6 3. e3 c6 4. Nf3 Bg4 5. Nbd2 e6 6. c4 Nbd7 7. Qb3 Qb6 8. c5 Qxb3 9. axb3 Be7 10. b4 Nh5 11. Bg5 Bxg5 12. Nxg5 Nhf6 13. b5 0-0 14. bxc6 bxc6 15. b4 Rfb8 16. Ra4 Ne8 17. Nb3 Rc8 18. Ba6 Rd8 19. Na5 Nc7 20. Bb7 Rab8 21. Nxc6 1-0